000 00659nam a2200253Ia 4500
005 20260121155145.0
008 008 260114s9999 xx 000 0 eng d
020 _a9780367334819
037 _aEBOOK
040 _aCRL
040 _beng
040 _cCRL
041 _2eng
041 _aeng
084 _qCRL
100 _a Robert Smith; Don Waisanen; Guillermo Yrizar Barbosa
_91016062
245 0 _aImmigration and Strategic Public Health Communication
260 _bTaylor and Francis
260 _c2020
856 _uhttp://www.taylorfrancis.com/books/9780367334819
942 _cEBOOK
999 _c1582881
_d1582881